[Event "DEM U10w 2024"]
[Site "Willingen GER"]
[Date "2024.05.20"]
[Round "4"]
[White "Sniegowski, Amalia"]
[Black "Hleizer, Ahata"]
[Result "0-1"]
[Termination "normal"]
[Board "8"]
[WhiteElo "998"]
[BlackElo "1610"]
[WhiteClock "00:39:54"]
[BlackClock "01:09:23"]
[PlyCount "82"]
[WhiteFideId "34675620"]
[BlackFideId "34643370"]
[EventCountry "GER"]
[EventRounds "11"]
[EventType "swiss"]
[EventDate "2024.05.18"]

1. e4 {[%clk 01:15:58]} {[%emt 00:00:02]} e5 {[%clk 01:15:53]} {[%emt
00:00:07]} 2. Nf3 {[%clk 01:16:23]} {[%emt 00:00:05]} Nc6 {[%clk 01:16:11]}
{[%emt 00:00:12]} 3. Bc4 {[%clk 01:16:47]} {[%emt 00:00:07]} Nf6 {[%clk
01:16:23]} {[%emt 00:00:17]} 4. Ng5 {[%clk 01:16:16]} {[%emt 00:01:01]} d5
{[%clk 01:16:32]} {[%emt 00:00:20]} 5. exd5 {[%clk 01:16:24]} {[%emt 00:00:24]}
b5 {[%clk 01:16:42]} {[%emt 00:00:18]} 6. Bxb5 {[%clk 01:16:20]} {[%emt
00:00:35]} Qxd5 {[%clk 01:16:55]} {[%emt 00:00:17]} 7. Nc3 {[%clk 01:16:17]}
{[%emt 00:00:33]} Qxg2 {[%clk 01:16:43]} {[%emt 00:00:41]} 8. Rf1 {[%clk
01:15:41]} {[%emt 00:01:08]} Bb7 {[%clk 01:15:53]} {[%emt 00:01:19]} 9. Nf3
{[%clk 01:14:54]} {[%emt 00:01:18]} Bd6 {[%clk 01:14:21]} {[%emt 00:02:01]} 10.
Rg1 {[%clk 01:13:07]} {[%emt 00:02:17]} Qh3 {[%clk 01:14:08]} {[%emt 00:00:42]}
11. Rxg7 {[%clk 01:10:43]} {[%emt 00:02:55]} Ng4 {[%clk 01:12:29]} {[%emt
00:02:08]} 12. Qe2 {[%clk 01:07:34]} {[%emt 00:03:40]} Nxh2 {[%clk 01:09:34]}
{[%emt 00:03:24]} 13. Nxh2 {[%clk 01:07:53]} {[%emt 00:00:12]} Qxh2 {[%clk
01:09:40]} {[%emt 00:00:23]} 14. d4 {[%clk 01:07:59]} {[%emt 00:00:26]} Qh1+
{[%clk 01:08:55]} {[%emt 00:01:14]} 15. Qf1 {[%clk 01:07:50]} {[%emt 00:00:38]}
Qxf1+ {[%clk 01:08:59]} {[%emt 00:00:26]} 16. Bxf1 {[%clk 01:07:54]} {[%emt
00:00:27]} Nxd4 {[%clk 01:08:39]} {[%emt 00:00:50]} 17. Bd3 {[%clk 01:07:35]}
{[%emt 00:00:51]} h5 {[%clk 01:07:40]} {[%emt 00:01:27]} 18. Bg5 {[%clk
01:06:50]} {[%emt 00:01:16]} Bf8 {[%clk 01:07:14]} {[%emt 00:00:54]} 19. Bf6
{[%clk 01:05:30]} {[%emt 00:01:51]} Bxg7 {[%emt 00:00:21]} 20. Bxg7 {[%emt
00:00:07]} Rg8 {[%clk 01:06:54]} {[%emt 00:00:22]} 21. Bxe5 {[%clk 01:05:33]}
{[%emt 00:00:28]} Rg1+ {[%clk 01:07:11]} {[%emt 00:00:12]} 22. Bf1 {[%clk
01:05:38]} {[%emt 00:00:26]} Nxc2+ {[%clk 01:07:04]} {[%emt 00:00:36]} 23. Kd2
{[%clk 01:04:04]} {[%emt 00:02:04]} Nxa1 {[%clk 01:07:22]} {[%emt 00:00:12]}
24. Bd3 {[%clk 01:04:13]} {[%emt 00:00:21]} O-O-O {[%clk 01:07:10]} {[%emt
00:00:43]} 25. Nb5 {[%clk 01:03:58]} {[%emt 00:00:45]} Bf3 {[%emt 00:03:14]}
26. Bxc7 {[%clk 01:01:54]} {[%emt 00:02:38]} Rd1+ {[%clk 01:08:36]} {[%emt
00:00:10]} 27. Kc3 {[%clk 01:00:10]} {[%emt 00:02:15]} R8xd3+ {[%clk 01:08:52]}
{[%emt 00:00:14]} 28. Kc4 {[%clk 00:59:03]} {[%emt 00:01:37]} Bd5+ {[%clk
01:08:46]} {[%emt 00:00:35]} 29. Kc5 {[%clk 00:56:07]} {[%emt 00:03:27]} Rc1+
{[%clk 01:08:50]} {[%emt 00:00:24]} 30. Nc3 {[%clk 00:55:57]} {[%emt 00:00:42]}
Kxc7 {[%clk 01:09:02]} {[%emt 00:00:18]} 31. Kb4 {[%clk 00:54:23]} {[%emt
00:02:04]} Nc2+ {[%clk 01:09:09]} {[%emt 00:00:23]} 32. Kb5 {[%clk 00:53:40]}
{[%emt 00:01:09]} Nd4+ {[%clk 01:09:14]} {[%emt 00:00:28]} 33. Kb4 {[%clk
00:53:41]} {[%emt 00:00:29]} Nc6+ {[%clk 01:08:51]} {[%emt 00:00:54]} 34. Kb5
{[%clk 00:53:19]} {[%emt 00:00:50]} h4 {[%clk 01:08:58]} {[%emt 00:00:24]} 35.
Ne2 {[%clk 00:52:01]} {[%emt 00:01:48]} a6+ {[%clk 01:08:59]} {[%emt 00:00:30]}
36. Ka4 {[%clk 00:50:44]} {[%emt 00:01:47]} Bb3+ {[%clk 01:09:05]} {[%emt
00:00:23]} 37. Ka3 {[%clk 00:49:39]} {[%emt 00:01:36]} Re1 {[%clk 01:09:03]}
{[%emt 00:00:30]} 38. Nf4 {[%clk 00:47:45]} {[%emt 00:02:25]} Rf3 {[%clk
01:09:03]} {[%emt 00:00:30]} 39. Nh5 {[%clk 00:46:08]} {[%emt 00:02:07]} h3
{[%clk 01:08:49]} {[%emt 00:00:44]} 40. Ng3 {[%clk 00:43:32]} {[%emt 00:03:07]}
Ra1 {[%clk 01:09:03]} {[%emt 00:00:16]} 41. Nf1 {[%clk 00:39:54]} {[%emt
00:04:08]} Rxa2# {[%clk 01:09:23]} {[%emt 00:00:10]} 0-1

[Event "DEM U10w 2024"]
[Site "Willingen GER"]
[Date "2024.05.20"]
[Round "4"]
[White "Müller, Greta Waltraud"]
[Black "Yamshchikova, Oleksandra"]
[Result "1-0"]
[Termination "normal"]
[Board "10"]
[WhiteElo "1224"]
[BlackElo "1032"]
[WhiteClock "00:51:57"]
[BlackClock "01:05:57"]
[PlyCount "75"]
[BlackFideId "34171118"]
[EventCountry "GER"]
[EventRounds "11"]
[EventType "swiss"]
[EventDate "2024.05.18"]

1. e4 {[%clk 01:16:00]} {[%emt 04:08:26]} e5 {[%clk 01:15:53]} {[%emt
00:00:07]} 2. Nf3 {[%clk 01:16:23]} {[%emt 00:00:07]} Nc6 {[%clk 01:16:17]}
{[%emt 00:00:06]} 3. Bc4 {[%clk 01:16:30]} {[%emt 00:00:23]} Bc5 {[%clk
01:16:41]} {[%emt 00:00:06]} 4. c3 {[%clk 01:16:30]} {[%emt 00:00:31]} d6
{[%clk 01:16:39]} {[%emt 00:00:32]} 5. d4 {[%clk 01:16:22]} {[%emt 00:00:36]}
Bb6 {[%clk 01:16:35]} {[%emt 00:00:29]} 6. dxe5 {[%clk 01:16:08]} {[%emt
00:00:49]} dxe5 {[%clk 01:16:39]} {[%emt 00:00:26]} 7. Qxd8+ {[%clk 01:16:23]}
{[%emt 00:00:17]} Nxd8 {[%clk 01:16:56]} {[%emt 00:00:11]} 8. Nxe5 {[%clk
01:16:19]} {[%emt 00:00:35]} Nf6 {[%clk 01:16:24]} {[%emt 00:01:02]} 9. Bg5
{[%clk 01:15:16]} {[%emt 00:01:33]} h6 {[%clk 01:16:06]} {[%emt 00:00:46]} 10.
Bxf6 {[%clk 01:15:12]} {[%emt 00:00:35]} gxf6 {[%clk 01:16:24]} {[%emt
00:00:13]} 11. Nf3 {[%clk 01:15:00]} {[%emt 00:00:37]} Rg8 {[%clk 01:16:24]}
{[%emt 00:00:34]} 12. g3 {[%clk 01:14:42]} {[%emt 00:00:48]} Bg4 {[%clk
01:15:22]} {[%emt 00:01:32]} 13. Nbd2 {[%clk 01:14:50]} {[%emt 00:00:23]} Ne6
{[%clk 01:13:56]} {[%emt 00:01:56]} 14. h3 {[%clk 01:13:44]} {[%emt 00:01:36]}
Bh5 {[%clk 01:13:14]} {[%emt 00:01:10]} 15. Rf1 {[%clk 01:12:47]} {[%emt
00:01:29]} O-O-O {[%clk 01:11:55]} {[%emt 00:01:48]} 16. g4 {[%clk 01:09:46]}
{[%emt 00:03:31]} Bg6 {[%clk 01:12:16]} {[%emt 00:00:09]} 17. O-O-O {[%clk
01:09:12]} {[%emt 00:01:03]} Rd7 {[%clk 01:10:05]} {[%emt 00:02:41]} 18. e5
{[%clk 01:05:32]} {[%emt 00:04:11]} f5 {[%clk 01:07:04]} {[%emt 00:03:29]} 19.
gxf5 {[%clk 01:04:02]} {[%emt 00:02:02]} Bxf5 {[%clk 01:07:19]} {[%emt
00:00:16]} 20. Bxe6 {[%clk 01:03:10]} {[%emt 00:01:22]} fxe6 {[%clk 01:06:38]}
{[%emt 00:01:10]} 21. Nc4 {[%clk 01:00:55]} {[%emt 00:02:45]} Bxh3 {[%clk
01:06:02]} {[%emt 00:01:06]} 22. Nxb6+ {[%clk 01:00:39]} {[%emt 00:00:47]} cxb6
{[%clk 01:05:43]} {[%emt 00:00:49]} 23. Rxd7 {[%clk 00:58:59]} {[%emt
00:02:09]} Kxd7 {[%clk 01:05:46]} {[%emt 00:00:27]} 24. Rh1 {[%clk 00:57:30]}
{[%emt 00:01:53]} Bg2 {[%clk 01:06:02]} {[%emt 00:00:21]} 25. Rg1 {[%clk
00:57:37]} {[%emt 00:00:22]} Rg4 {[%clk 01:05:02]} {[%emt 00:01:30]} 26. Ne1
{[%clk 00:56:30]} {[%emt 00:01:33]} h5 {[%clk 01:04:46]} {[%emt 00:00:49]} 27.
Rxg2 {[%clk 00:55:32]} {[%emt 00:01:30]} Rxg2 {[%clk 01:04:48]} {[%emt
00:00:28]} 28. Nxg2 {[%clk 00:55:53]} {[%emt 00:00:08]} Ke7 {[%clk 01:05:08]}
{[%emt 00:00:09]} 29. Nf4 {[%clk 00:55:13]} {[%emt 00:01:11]} h4 {[%clk
01:05:22]} {[%emt 00:00:16]} 30. Ng6+ {[%clk 00:55:33]} {[%emt 00:00:09]} Kf7
{[%clk 01:05:17]} {[%emt 00:00:36]} 31. Nxh4 {[%clk 00:55:53]} {[%emt
00:00:10]} Kg7 {[%clk 01:05:22]} {[%emt 00:00:24]} 32. Kd2 {[%clk 00:56:01]}
{[%emt 00:00:24]} Kh6 {[%clk 01:05:18]} {[%emt 00:00:34]} 33. f4 {[%clk
00:55:51]} {[%emt 00:00:38]} Kh5 {[%clk 01:05:35]} {[%emt 00:00:15]} 34. Ng2
{[%clk 00:55:56]} {[%emt 00:00:25]} Kg4 {[%clk 01:05:30]} {[%emt 00:00:33]} 35.
Ke3 {[%clk 00:55:14]} {[%emt 00:01:11]} Kf5 {[%clk 01:05:26]} {[%emt 00:00:33]}
36. Nh4+ {[%clk 00:55:08]} {[%emt 00:00:37]} Kg4 {[%clk 01:05:37]} {[%emt
00:00:22]} 37. Nf3 {[%clk 00:51:43]} {[%emt 00:03:52]} Kf5 {[%clk 01:05:57]}
{[%emt 00:00:11]} 38. Nd4+ {[%clk 00:51:57]} {[%emt 00:00:15]} 1-0

[Event "DEM U10w 2024"]
[Site "Willingen GER"]
[Date "2024.05.20"]
[Round "4"]
[White "Winkler, Anni"]
[Black "Tadic, Lena"]
[Result "0-1"]
[Termination "normal"]
[Board "11"]
[WhiteElo "1426"]
[BlackElo "980"]
[WhiteClock "00:38:40"]
[BlackClock "01:06:16"]
[PlyCount "88"]
[WhiteFideId "34622349"]
[BlackFideId "34687300"]
[EventCountry "GER"]
[EventRounds "11"]
[EventType "swiss"]
[EventDate "2024.05.18"]

1. e4 {[%clk 01:15:56]} {[%emt 00:00:04]} c6 {[%clk 01:15:51]} {[%emt
00:00:09]} 2. d4 {[%clk 01:14:41]} {[%emt 00:01:46]} d5 {[%clk 01:16:12]}
{[%emt 00:00:08]} 3. exd5 {[%clk 01:14:26]} {[%emt 00:00:46]} cxd5 {[%clk
01:16:29]} {[%emt 00:00:12]} 4. Nf3 {[%clk 01:14:16]} {[%emt 00:00:40]} Bg4
{[%clk 01:16:48]} {[%emt 00:00:11]} 5. Be2 {[%clk 01:11:40]} {[%emt 00:03:06]}
Nc6 {[%clk 01:14:51]} {[%emt 00:02:27]} 6. Nc3 {[%clk 01:10:52]} {[%emt
00:01:18]} e6 {[%clk 01:14:36]} {[%emt 00:00:44]} 7. Bf4 {[%clk 01:09:03]}
{[%emt 00:02:19]} Bb4 {[%clk 01:13:52]} {[%emt 00:01:15]} 8. Bd2 {[%clk
01:05:31]} {[%emt 00:04:02]} Nge7 {[%clk 01:12:46]} {[%emt 00:01:36]} 9. a3
{[%clk 01:04:31]} {[%emt 00:01:30]} Ba5 {[%clk 01:12:52]} {[%emt 00:00:24]} 10.
b4 {[%clk 01:04:40]} {[%emt 00:00:22]} Bb6 {[%clk 01:13:09]} {[%emt 00:00:12]}
11. O-O {[%clk 01:03:48]} {[%emt 00:01:22]} Nxd4 {[%clk 01:12:31]} {[%emt
00:01:08]} 12. Nxd4 {[%clk 01:01:51]} {[%emt 00:02:27]} Bxd4 {[%emt 00:01:28]}
13. Bxg4 {[%clk 01:02:05]} {[%emt 00:00:12]} Qc7 {[%clk 01:11:41]} {[%emt
00:00:26]} 14. Qf3 {[%clk 01:01:28]} {[%emt 00:01:07]} Rc8 {[%clk 01:11:21]}
{[%emt 00:00:49]} 15. Nb5 {[%clk 00:54:49]} {[%emt 00:07:10]} Qxc2 {[%clk
01:11:12]} {[%emt 00:00:39]} 16. Nd6+ {[%clk 00:53:57]} {[%emt 00:01:21]} Kd7
{[%clk 01:11:05]} {[%emt 00:00:38]} 17. Nxc8 {[%clk 00:53:40]} {[%emt
00:00:47]} Bxa1 {[%clk 01:10:38]} {[%emt 00:00:58]} 18. Rxa1 {[%clk 00:52:49]}
{[%emt 00:01:21]} Qxd2 {[%clk 01:10:43]} {[%emt 00:00:24]} 19. Nxa7 {[%clk
00:52:13]} {[%emt 00:01:07]} Qd4 {[%clk 01:10:36]} {[%emt 00:00:37]} 20. Ra2
{[%clk 00:50:36]} {[%emt 00:02:06]} Qxa7 {[%clk 01:10:40]} {[%emt 00:00:27]}
21. Qxf7 {[%clk 00:50:23]} {[%emt 00:00:41]} Qa6 {[%clk 01:10:02]} {[%emt
00:01:09]} 22. Qxg7 {[%clk 00:50:05]} {[%emt 00:00:45]} Rc8 {[%clk 01:10:07]}
{[%emt 00:00:27]} 23. h3 {[%clk 00:47:39]} {[%emt 00:02:57]} Qd6 {[%clk
01:09:39]} {[%emt 00:00:58]} 24. Ra1 {[%clk 00:47:18]} {[%emt 00:00:51]} d4
{[%emt 00:02:04]} 25. Qxh7 {[%clk 00:46:44]} d3 {[%clk 01:09:25]} {[%emt
00:00:13]} 26. Kf1 {[%clk 00:45:29]} {[%emt 00:01:43]} d2 {[%clk 01:09:21]}
{[%emt 00:00:37]} 27. Qh6 {[%clk 00:44:53]} {[%emt 00:01:05]} Rc1+ {[%clk
01:09:25]} {[%emt 00:00:26]} 28. Rxc1 {[%clk 00:44:44]} {[%emt 00:00:40]} Qa6+
{[%clk 01:09:23]} {[%emt 00:00:31]} 29. Be2 {[%clk 00:44:04]} {[%emt 00:01:10]}
dxc1=Q+ {[%emt 00:01:31]} 30. Qxc1 {[%emt 00:00:20]} Qa8 {[%clk 01:07:27]}
{[%emt 00:00:34]} 31. h4 {[%clk 00:44:06]} {[%emt 00:00:28]} Nf5 {[%clk
01:07:26]} {[%emt 00:00:32]} 32. h5 {[%clk 00:44:05]} {[%emt 00:00:32]} Qh8
{[%clk 01:06:39]} {[%emt 00:01:16]} 33. a4 {[%clk 00:44:00]} {[%emt 00:00:36]}
Ng7 {[%clk 01:06:32]} {[%emt 00:00:36]} 34. a5 {[%clk 00:44:09]} {[%emt
00:00:21]} Nxh5 {[%clk 01:06:44]} {[%emt 00:00:18]} 35. b5 {[%clk 00:43:53]}
{[%emt 00:00:46]} Nf4 {[%clk 01:07:01]} {[%emt 00:00:13]} 36. Qd2+ {[%clk
00:42:44]} {[%emt 00:01:34]} Ke7 {[%clk 01:07:06]} {[%emt 00:00:30]} 37. Qb4+
{[%clk 00:42:36]} {[%emt 00:00:36]} Kd7 {[%clk 01:06:19]} {[%emt 00:01:19]} 38.
Ke1 {[%clk 00:42:25]} {[%emt 00:00:41]} Qh1+ {[%clk 01:06:22]} {[%emt
00:00:26]} 39. Kd2 {[%clk 00:42:30]} {[%emt 00:00:26]} Qh6 {[%clk 01:06:21]}
{[%emt 00:00:31]} 40. Qd4+ {[%clk 00:42:18]} {[%emt 00:00:37]} Nd5+ {[%emt
00:01:20]} 41. Kd3 {[%clk 00:41:14]} {[%emt 00:00:39]} Qg6+ {[%clk 01:05:54]}
{[%emt 00:01:07]} 42. Qe4 {[%clk 00:39:58]} {[%emt 00:01:44]} Nb4+ {[%clk
01:06:04]} {[%emt 00:00:22]} 43. Kd4 {[%clk 00:38:36]} {[%emt 00:01:52]} Nc2+
{[%clk 01:06:00]} {[%emt 00:00:34]} 44. Ke5 {[%clk 00:38:40]} {[%emt 00:00:23]}
Qg5+ {[%clk 01:06:16]} {[%emt 00:00:16]} 0-1

[Event "DEM U10w 2024"]
[Site "Willingen GER"]
[Date "2024.05.20"]
[Round "4"]
[White "Vignesh, Sara"]
[Black "Naz Öksüz, Meryem"]
[Result "1-0"]
[Termination "normal"]
[Board "13"]
[WhiteElo "1136"]
[BlackElo "1154"]
[WhiteClock "00:58:29"]
[BlackClock "01:00:43"]
[PlyCount "69"]
[WhiteFideId "34674756"]
[BlackFideId "533025860"]
[EventCountry "GER"]
[EventRounds "11"]
[EventType "swiss"]
[EventDate "2024.05.18"]

1. d4 {[%clk 01:15:59]} d5 {[%clk 01:15:56]} {[%emt 00:00:05]} 2. c4 {[%clk
01:16:25]} {[%emt 00:00:03]} c6 {[%clk 01:16:20]} {[%emt 00:00:05]} 3. Nc3
{[%clk 01:16:52]} {[%emt 00:00:04]} Nf6 {[%clk 01:16:35]} {[%emt 00:00:15]} 4.
cxd5 {[%clk 01:17:15]} {[%emt 00:00:07]} Nxd5 {[%clk 01:16:45]} {[%emt
00:00:20]} 5. e4 {[%clk 01:17:38]} {[%emt 00:00:06]} Nxc3 {[%clk 01:16:51]}
{[%emt 00:00:25]} 6. bxc3 {[%clk 01:18:00]} {[%emt 00:00:08]} e6 {[%clk
01:16:59]} {[%emt 00:00:22]} 7. Bf4 {[%clk 01:18:18]} {[%emt 00:00:12]} Be7
{[%clk 01:17:03]} {[%emt 00:00:26]} 8. Bd3 {[%clk 01:18:27]} {[%emt 00:00:21]}
O-O {[%clk 01:16:50]} {[%emt 00:00:43]} 9. Nf3 {[%clk 01:18:13]} {[%emt
00:00:43]} c5 {[%clk 01:16:11]} {[%emt 00:01:10]} 10. O-O {[%clk 01:17:16]}
{[%emt 00:01:28]} Nc6 {[%clk 01:16:31]} {[%emt 00:00:10]} 11. Bc4 {[%clk
01:16:26]} {[%emt 00:01:19]} cxd4 {[%clk 01:15:21]} {[%emt 00:01:40]} 12. cxd4
{[%clk 01:16:12]} {[%emt 00:00:45]} Na5 {[%clk 01:15:27]} {[%emt 00:00:23]} 13.
Bb5 {[%clk 01:15:48]} {[%emt 00:00:54]} a6 {[%clk 01:15:42]} {[%emt 00:00:15]}
14. Ba4 {[%clk 01:16:03]} {[%emt 00:00:15]} Nc4 {[%clk 01:15:37]} {[%emt
00:00:32]} 15. Qc2 {[%clk 01:12:16]} {[%emt 00:04:20]} Na3 {[%clk 01:15:40]}
{[%emt 00:00:25]} 16. Qb2 {[%clk 01:11:40]} {[%emt 00:01:07]} b5 {[%clk
01:15:59]} {[%emt 00:00:11]} 17. Bb3 {[%clk 01:11:22]} {[%emt 00:00:48]} a5
{[%clk 01:15:58]} {[%emt 00:00:33]} 18. Ne5 {[%clk 01:10:26]} {[%emt 00:01:25]}
Bb7 {[%clk 01:15:53]} {[%emt 00:00:35]} 19. f3 {[%clk 01:07:20]} {[%emt
00:03:35]} a4 {[%clk 01:16:09]} {[%emt 00:00:15]} 20. Bd1 {[%clk 01:07:05]}
{[%emt 00:00:42]} Ra7 {[%clk 01:14:55]} {[%emt 00:01:41]} 21. Be2 {[%clk
01:06:24]} {[%emt 00:01:12]} Ba8 {[%clk 01:13:57]} {[%emt 00:01:33]} 22. Rac1
{[%clk 01:04:19]} {[%emt 00:02:28]} b4 {[%clk 01:13:44]} {[%emt 00:00:51]} 23.
Nc6 {[%clk 01:03:51]} {[%emt 00:00:53]} Bxc6 {[%clk 01:13:40]} {[%emt
00:00:38]} 24. Rxc6 {[%clk 01:02:19]} {[%emt 00:02:01]} b3 {[%clk 01:08:39]}
{[%emt 00:05:32]} 25. axb3 {[%clk 01:00:37]} {[%emt 00:02:12]} axb3 {[%clk
01:08:57]} {[%emt 00:00:12]} 26. Qxb3 {[%clk 01:00:16]} {[%emt 00:00:51]} Qxd4+
{[%clk 01:09:04]} {[%emt 00:00:23]} 27. Be3 {[%clk 01:00:10]} {[%emt 00:00:35]}
Qe5 {[%clk 01:08:47]} {[%emt 00:00:45]} 28. Bxa7 {[%clk 00:59:54]} {[%emt
00:00:48]} Ra8 {[%clk 01:06:13]} {[%emt 00:03:05]} 29. Qb7 {[%clk 00:58:42]}
{[%emt 00:01:41]} Re8 {[%clk 01:04:50]} {[%emt 00:02:11]} 30. Qxe7 {[%clk
00:59:03]} {[%emt 00:00:52]} Ra8 {[%clk 01:03:34]} {[%emt 00:01:46]} 31. Qd7
{[%clk 00:58:45]} {[%emt 00:00:49]} g6 {[%clk 01:03:04]} {[%emt 00:01:00]} 32.
Bd4 {[%clk 00:57:55]} {[%emt 00:01:19]} Qg5 {[%clk 01:02:24]} {[%emt 00:01:09]}
33. Rc8+ {[%clk 00:58:06]} {[%emt 00:00:19]} Rxc8 {[%clk 01:00:43]} {[%emt
00:02:12]} 34. Qxc8+ {[%clk 00:58:29]} {[%emt 00:00:07]} Qd8 {[%emt 00:00:19]}
35. Qxd8# {[%clk 00:58:29]} {[%emt 00:00:13]} 1-0

[Event "DEM U10w 2024"]
[Site "Willingen GER"]
[Date "2024.05.20"]
[Round "4"]
[White "Rabus, Luise"]
[Black "Böhm, Arwen Skadi"]
[Result "1-0"]
[Termination "normal"]
[Board "15"]
[WhiteElo "1090"]
[BlackElo "968"]
[WhiteClock "00:44:49"]
[BlackClock "01:04:38"]
[PlyCount "95"]
[WhiteFideId "34636900"]
[EventCountry "GER"]
[EventRounds "11"]
[EventType "swiss"]
[EventDate "2024.05.18"]

1. e4 {[%clk 01:15:57]} {[%emt 00:00:04]} e5 {[%clk 01:15:58]} 2. Nf3 {[%clk
01:16:19]} {[%emt 00:00:08]} Nc6 {[%clk 01:16:26]} {[%emt 00:00:03]} 3. Bc4
{[%clk 01:16:45]} {[%emt 00:00:04]} Nf6 {[%clk 01:16:50]} {[%emt 00:00:05]} 4.
d3 {[%clk 01:17:08]} {[%emt 00:00:07]} Bc5 {[%clk 01:17:12]} {[%emt 00:00:08]}
5. c3 {[%clk 01:17:24]} {[%emt 00:00:15]} d6 {[%clk 01:17:33]} {[%emt
00:00:08]} 6. h3 {[%clk 01:16:38]} {[%emt 00:01:17]} O-O {[%clk 01:17:51]}
{[%emt 00:00:11]} 7. O-O {[%clk 01:17:03]} {[%emt 00:00:05]} a6 {[%clk
01:18:16]} {[%emt 00:00:05]} 8. Bb3 {[%clk 01:17:16]} {[%emt 00:00:18]} Ba7
{[%clk 01:18:32]} {[%emt 00:00:14]} 9. Re1 {[%clk 01:17:36]} {[%emt 00:00:09]}
Na5 {[%clk 01:18:47]} {[%emt 00:00:16]} 10. Bc2 {[%clk 01:17:32]} {[%emt
00:00:34]} b5 {[%clk 01:19:04]} {[%emt 00:00:12]} 11. a3 {[%clk 01:17:40]}
{[%emt 00:00:22]} Bb7 {[%clk 01:18:38]} {[%emt 00:00:56]} 12. Nbd2 {[%clk
01:17:38]} {[%emt 00:00:33]} c5 {[%clk 01:18:47]} {[%emt 00:00:21]} 13. Nf1
{[%clk 01:16:47]} {[%emt 00:01:21]} d5 {[%clk 01:16:58]} {[%emt 00:02:17]} 14.
Ng3 {[%clk 01:11:58]} {[%emt 00:05:20]} dxe4 {[%clk 01:17:04]} {[%emt
00:00:24]} 15. dxe4 {[%clk 01:11:34]} {[%emt 00:00:54]} Qxd1 {[%clk 01:17:22]}
{[%emt 00:00:11]} 16. Rxd1 {[%clk 01:11:55]} {[%emt 00:00:10]} Rfe8 {[%clk
01:16:40]} {[%emt 00:01:06]} 17. Be3 {[%clk 01:11:53]} {[%emt 00:00:37]} Rad8
{[%clk 01:15:43]} {[%emt 00:01:26]} 18. Rxd8 {[%clk 01:10:52]} {[%emt
00:01:33]} Rxd8 {[%clk 01:15:51]} {[%emt 00:00:12]} 19. Nxe5 {[%clk 01:10:55]}
{[%emt 00:00:37]} Re8 {[%clk 01:15:50]} {[%emt 00:00:29]} 20. Bf4 {[%clk
01:10:40]} {[%emt 00:00:46]} Bb8 {[%clk 01:15:43]} {[%emt 00:00:28]} 21. Nd3
{[%clk 01:10:00]} {[%emt 00:01:20]} c4 {[%clk 01:15:45]} {[%emt 00:00:27]} 22.
Bxb8 {[%clk 01:05:37]} {[%emt 00:04:53]} cxd3 {[%clk 01:16:01]} {[%emt
00:00:14]} 23. Bc7 {[%clk 01:06:00]} {[%emt 00:00:08]} dxc2 {[%clk 01:16:05]}
{[%emt 00:00:27]} 24. Bxa5 {[%clk 01:06:14]} {[%emt 00:00:15]} Nxe4 {[%clk
01:15:40]} {[%emt 00:00:52]} 25. Re1 {[%clk 01:04:33]} {[%emt 00:02:14]} Nd6
{[%clk 01:15:25]} {[%emt 00:00:45]} 26. Rc1 {[%clk 01:04:08]} {[%emt 00:00:55]}
Nc4 {[%clk 01:15:13]} {[%emt 00:00:42]} 27. Bb4 {[%clk 01:02:42]} {[%emt
00:01:56]} a5 {[%clk 01:15:00]} {[%emt 00:00:43]} 28. Bc5 {[%clk 01:00:50]}
{[%emt 00:02:21]} Rc8 {[%clk 01:14:15]} {[%emt 00:01:15]} 29. Bd4 {[%clk
00:59:44]} {[%emt 00:01:36]} Re8 {[%clk 01:10:03]} {[%emt 00:04:39]} 30. Rxc2
{[%clk 00:56:59]} {[%emt 00:03:19]} Re1+ {[%clk 01:10:15]} {[%emt 00:00:19]}
31. Kh2 {[%clk 00:57:07]} {[%emt 00:00:21]} Rb1 {[%clk 01:08:41]} {[%emt
00:02:03]} 32. Re2 {[%clk 00:56:47]} {[%emt 00:00:51]} h6 {[%clk 01:08:40]}
{[%emt 00:00:28]} 33. Re8+ {[%clk 00:57:11]} {[%emt 00:00:09]} Kh7 {[%clk
01:08:49]} {[%emt 00:00:06]} 34. Re7 {[%clk 00:57:26]} {[%emt 00:00:29]} Bd5
{[%clk 01:08:46]} {[%emt 00:00:33]} 35. Rd7 {[%clk 00:57:06]} {[%emt 00:00:49]}
Bc6 {[%clk 01:08:55]} {[%emt 00:00:21]} 36. Rxf7 {[%clk 00:56:50]} {[%emt
00:00:48]} Kg8 {[%clk 01:08:35]} {[%emt 00:00:44]} 37. Rxg7+ {[%clk 00:56:30]}
{[%emt 00:00:56]} Kf8 {[%clk 01:08:36]} {[%emt 00:00:25]} 38. Nf5 {[%clk
00:56:39]} {[%emt 00:00:25]} Rxb2 {[%clk 01:08:07]} {[%emt 00:00:59]} 39. Bc5+
{[%clk 00:48:33]} {[%emt 00:08:37]} Ke8 {[%clk 01:08:16]} {[%emt 00:00:18]} 40.
Nxh6 {[%clk 00:47:15]} {[%emt 00:01:51]} Rb3 {[%emt 00:01:49]} 41. f4 {[%clk
00:47:32]} Rxc3 {[%clk 01:06:50]} {[%emt 00:00:47]} 42. f5 {[%clk 00:47:14]}
{[%emt 00:00:50]} Bd5 {[%clk 01:05:58]} {[%emt 00:01:22]} 43. f6 {[%clk
00:47:08]} {[%emt 00:00:36]} Ne5 {[%clk 01:04:27]} {[%emt 00:02:01]} 44. Bd4
{[%clk 00:47:18]} {[%emt 00:00:20]} Rxa3 {[%clk 01:04:39]} {[%emt 00:00:19]}
45. Bxe5 {[%clk 00:47:36]} {[%emt 00:00:11]} b4 {[%clk 01:04:37]} {[%emt
00:00:32]} 46. f7+ {[%clk 00:45:32]} {[%emt 00:02:34]} Bxf7 {[%clk 01:04:40]}
{[%emt 00:00:26]} 47. Rxf7 {[%clk 00:45:53]} {[%emt 00:00:11]} b3 {[%clk
01:04:38]} {[%emt 00:00:32]} 48. Rb7 {[%clk 00:44:49]} 1-0